000 00418nam a2200181Ia 4500
001 14268
005 20260306164901.0
008 260306t2013||||xx |||||||||||||| ||spa||
041 _aESP
082 _a510.33
_bB73
100 _aBonifaz, José Luis
_eAUT
245 0 _aMatemáticas para la economía dinámica
260 _c2013
300 _a
_c
650 _aGEN
654 _aCMA
942 _cLIB
_dJUS
_fJUS
_2ddc
_n
999 _c14268
_d14268